000 03425cam a22012854i 4500
003 PE-LiUPU
005 20250813185409.0
008 171113s2013 sp a rb 000 0 spa d
020 _a9788415832096
035 _a(Sirsi) a240060
040 _aPE-LiUPU
_bspa
_cPE-LiUPU
_erda
041 1 _aspa
_heng
049 _aPRUA
082 0 4 _a372.3
_bB17
_220
100 1 _aBall, Philip
_d 1962-,
_eautor.
245 1 0 _aCuriosidad :
_b por qué todo nos interesa /
_cPhilip Ball ; traducción de Víctor V. Úbeda.
250 _aPrimera edición.
264 1 _aMadrid :
_bTurner,
_c2013.
300 _a575 páginas :
_bilustraciones ;
_c21 centímetros.
336 _atext
_2rdacontent
337 _aunmediated
_2rdamedia
338 _avolume
_2rdacarrier
490 0 _aColección Noema
504 _aBibliografía: páginas 565-574.
505 0 _aViejas preguntas -- Las academias de secretos -- El teatro de la curiosidad -- A la caza de pan -- Profesores de todo -- Más cosas en el cielo y en la tierra Desarmonías cósmicas -- Los primeros hombres que pisaron la luna -- Naturaleza libre y presa -- En la cabeza de un alfiler -- La luz de la naturaleza -- A la caza de elefantes -- "Virtuosi" profesionales, o la curiosidad se sirve fría.
526 _aP202
526 _aP201
526 _aP163
526 _aP162
526 _aP161
526 _aP160
526 _aP148
526 _aP147
526 _aP146
526 _aP145
526 _aP144
526 _aP143
526 _aP142
526 _aP141
526 _aP140
526 _aP139
526 _aP138
526 _aP137
526 _aP136
526 _aP135
526 _aP134
526 _aP133
526 _aP129
526 _aP128
526 _aP127
526 _aP120
526 _aP119
526 _aP118
526 _aP116
526 _aP115
526 _aP114
526 _aP110
526 _aP109
526 _aP108
526 _aP104
526 _aP103
526 _aP102
526 _aP99
526 _aP98
526 _aP97
526 _aP96
526 _aP95
526 _aP93
526 _aP90
526 _aP89
526 _aP88
526 _aP83
526 _aP82
526 _aP62
526 _aP59
526 _aP58
526 _aP57
526 _aP51
526 _aP49
526 _aP48
526 _aP47
526 _aP29
526 _aP24
526 _aP20
526 _aP19
526 _aP17
526 _aP15
526 _aP14
526 _aP12
526 _aP10
526 _aP09
526 _aP08
526 _aP07
526 _aP06
526 _aP05
526 _aP04
526 _aP01
526 8 _iPrograma académico :
_5PE-LiUPU
534 _pTítulo Original :
_tCuriossity. how science became interested in everything.
541 _g003-001759;
650 0 4 _aCuriosidad.
650 0 4 _aCuriosity.
650 0 4 _aCiencia
_vObras de divulgación.
650 0 4 _aScience
_vObras of disclosure.
910 _adbm
_bjpc
_cjpc
_d20171113
942 _2ddc
_cBOOK
994 _aC0
_bPEPRU
596 _a1
999 _a372.3 B17
_wDEWEY
_c25722
_i76999
_f2021-11-9
_g5
_lCCODEBUL1
_mBUL
_p51.00
_r0
_sY
_tBOOK
_u2017-11-13
_xINGENIERIA
_PP06
_0COMPRA
_o.STAFF. Colección Ingeniería y Arquitectura
_d25722
980 _81
_gALBERTO SANCHEZ Responsable de Automatización